| 000 | 00635nam a22001337a 4500 | ||
|---|---|---|---|
| 040 | _cRUA | ||
| 082 | _aMGR PHO 2015 B469 Or. | ||
| 100 | _aPHOUNG PONNY; ភួង ប៉ុន្នី | ||
| 245 | _aWeed management on rice in dry season condition kirivong district, takeo province; ការគ្រប់គ្រងស្មៅចង្រៃលើដំណាំស្រូវក្នុងលក្ខខណ្ឌរដូវប្រាំង ស្រុកគិរីវង់ ខេត្តតាកែវ | ||
| 260 |
_aRUA _bPhnom Penh _c2015 |
||
| 300 |
_ax; 58p. _bill. _c29cm. |
||
| 856 | _uPHOUNG PONNY | ||
| 942 | _cNRM | ||
| 999 |
_c10225 _d10225 |
||